Statistics for Top 10 Spanish Champions League goalscorers

Click here to take the quiz!

General Stats

  • This quiz has been taken 29 times
    (20 since last reset)
  • The average score is 4 of 10

Answer Stats

GoalsAnswer% Correct
71Raul
100%
16Villa
83%
20Torres
67%
56Morientes
50%
16Pedro
44%
23Fabregas
33%
16Soldado
28%
16Guti
22%
20Luis Enrique
0%
16Helguera
0%

Score Distribution

Percentile by Number Answered

Percent of People with Each Score

Your Score History

You have not taken this quiz since the last reset